[Event "Oslo Esports Cup 2022"]
[Site "Oslo NOR"]
[Date "2022.04.26"]
[Round "5.2"]
[White "Giri, Anish"]
[Black "Mamedyarov, Shakhriyar"]
[Result "1/2-1/2"]
[WhiteTitle "GM"]
[BlackTitle "GM"]
[WhiteElo "2773"]
[BlackElo "2771"]
[WhiteFideId "24116068"]
[BlackFideId "13401319"]
[EventDate "2022.04.22"]

1. e4 c5 2. Nf3 e6 3. d4 cxd4 4. Nxd4 Nf6 5. Nc3 Nc6 6. Ndb5 d6 7. Bf4 e5 8. Bg5
a6 9. Na3 b5 10. Nd5 Be7 11. Bxf6 Bxf6 12. c3 Ne7 13. Nxf6+ gxf6 14. g3 Bb7 15.
Bg2 f5 16. Qe2 O-O 17. Nc2 fxe4 18. Bxe4 Bxe4 19. Qxe4 f5 20. Qe2 f4 21. O-O-O
Qb6 22. Qg4+ Kh8 23. gxf4 Rxf4 24. Qe6 Ng6 25. h4 Rd8 26. Kb1 Qxf2 27. h5 Rf6
28. Qg4 Ne7 29. h6 Rg8 30. Qd7 Nf5 31. Rhf1 Qe2 32. Rc1 Qg4 33. Qa7 Rxh6 34.
Qxa6 Ng3 35. Rg1 Qa4 36. Qb6 Qc4 37. Na3 Qe4+ 38. Ka1 Rhg6 39. Nxb5 Nf5 40. Rxg6
Rxg6 41. Qd8+ Kg7 42. Nc7 h5 43. Ne8+ Kh6 44. Nf6 Qf3 45. a3 h4 46. Qf8+ Kg5 47.
Nh7+ Kg4 48. Qf7 Rg7 49. Rg1+ Qg3 50. Nf6+ Kg5 51. Rxg3+ hxg3 52. Ne4+ Kf4 53.
Qc4 d5 54. Qf1+ Kxe4 55. Qb1+ Kf4 56. Qf1+ Kg5 57. a4 Nh4 58. Qe1 Kf5 59. Qf1+
Ke6 60. Qh3+ Nf5 61. Qg2 e4 62. a5 Ke5 63. a6 Ra7 64. Qe2 Nh4 65. Qh5+ Nf5 66.
Qe2 Nh4 67. Qh5+ Nf5 68. Qe2 1/2-1/2

[Event "Oslo Esports Cup 2022"]
[Site "Oslo NOR"]
[Date "2022.04.26"]
[Round "5.2"]
[White "Hansen, Eric"]
[Black "Praggnanandhaa, R"]
[Result "1/2-1/2"]
[WhiteTitle "GM"]
[BlackTitle "GM"]
[WhiteElo "2606"]
[BlackElo "2624"]
[WhiteFideId "2606771"]
[BlackFideId "25059530"]
[EventDate "2022.04.22"]

1. e4 e5 2. Nf3 Nc6 3. Bb5 a6 4. Ba4 Nf6 5. O-O Nxe4 6. d4 Be7 7. Re1 b5 8. Rxe4
d5 9. Nxe5 Nxe5 10. Rxe5 bxa4 11. Nc3 O-O 12. Rxd5 Bd6 13. Rh5 g6 14. Ra5 Re8
15. Bg5 f6 16. Bh4 Bb7 17. Rxa4 Qe7 18. Bg3 Bb4 19. d5 Qc5 20. h3 Rad8 21. Qd3
Bxc3 22. Qxc3 Qxc3 23. bxc3 Rxd5 24. Rb1 Rb5 25. Rb3 Re1+ 26. Kh2 Re2 27. c4
Rxb3 28. cxb3 f5 29. Rb4 Be4 30. Kg1 Re1+ 31. Kh2 Re2 32. h4 f4 33. Bxf4 Rxf2
34. Bxc7 Rxg2+ 35. Kh3 Rxa2 36. c5 Bd5 37. Rb6 Ra3 38. Kg4 Rxb3 39. Rxa6 Rc3 40.
Bd6 h6 41. Ra7 Rc4+ 42. Kg3 g5 43. hxg5 hxg5 44. Re7 Re4 45. Rd7 Re3+ 46. Kf2
Rf3+ 47. Ke2 Rf7 48. Rd8+ Kh7 49. Be5 Bb7 50. Ke3 Kg6 51. Kd4 Kf5 52. Bd6 Rh7
53. Rf8+ Ke6 54. Re8+ Kf5 55. Kc3 Bc6 56. Rc8 Bb7 57. Rb8 Bd5 58. Re8 Bc6 59.
Rc8 Bb7 60. Rf8+ Ke6 61. Kb4 Rh1 62. Re8+ Kf5 63. Ka5 Rb1 64. Rb8 Ke6 65. Re8+
Kd5 66. Re5+ Kc4 67. Rxg5 Rb5+ 68. Ka4 Bc6 69. Ka3 Kc3 70. Rg3+ Kc2 71. Bc7 Rxc5
72. Kb4 1/2-1/2

[Event "Oslo Esports Cup 2022"]
[Site "Oslo NOR"]
[Date "2022.04.26"]
[Round "5.2"]
[White "Duda, Jan-Krzysztof"]
[Black "Le, Quang Liem"]
[Result "1-0"]
[WhiteTitle "GM"]
[BlackTitle "GM"]
[WhiteElo "2750"]
[BlackElo "2709"]
[WhiteFideId "1170546"]
[BlackFideId "12401137"]
[EventDate "2022.04.22"]

1. Nf3 d5 2. c4 e6 3. b3 Nf6 4. Bb2 Be7 5. e3 O-O 6. Rg1 c5 7. g4 Nc6 8. d3 d4
9. g5 Ne8 10. Nbd2 e5 11. Qe2 Nd6 12. O-O-O Rb8 13. Bg2 Re8 14. h4 Bg4 15. Bh1
Bh5 16. Nf1 b5 17. Ng3 Bg4 18. Ne4 Bh5 19. Ng3 Bxf3 20. Bxf3 Nb4 21. Kb1 Qa5 22.
a3 Na6 23. Qc2 Nc7 24. exd4 exd4 25. Bc6 Rec8 26. Ne4 Qb6 27. Nxd6 Bxd6 28. Be4
a5 29. h5 a4 30. g6 fxg6 31. hxg6 h6 32. bxa4 b4 33. Ka1 Rf8 34. Rb1 b3 35. Qe2
Qa6 36. Rh1 Qxa4 37. Bd5+ Kh8 38. Bf7 Rxf7 39. gxf7 Qd7 40. Bc1 Bf8 41. Qf3 Rb6
42. Rb2 Kh7 43. Re2 Rf6 44. Qe4+ g6 45. Qh4 Rf5 46. Qe4 Qxf7 47. f4 h5 48. Kb2
Rf6 49. Rxh5+ Kg8 50. Rg5 Ne6 51. Rg4 Ng7 52. Qd5 Qxd5 53. cxd5 Rb6 54. Rg1 Kf7
55. Bd2 Ra6 56. Kxb3 c4+ 57. Kxc4 Rxa3 58. Rb1 Ra4+ 59. Kb5 Ra2 60. Rbe1 Ra3 61.
Rc1 Bd6 62. Rc8 Nf5 63. Rd8 Rxd3 64. Rd7+ Kf8 65. Kc4 Ra3 66. Bb4 Re3 67. Rxd6
Rxe2 68. Re6+ 1-0

[Event "Oslo Esports Cup 2022"]
[Site "Oslo NOR"]
[Date "2022.04.26"]
[Round "5.2"]
[White "Carlsen, Magnus"]
[Black "Van Foreest, Jorden"]
[Result "0-1"]
[WhiteTitle "GM"]
[BlackTitle "GM"]
[WhiteElo "2864"]
[BlackElo "2714"]
[WhiteFideId "1503014"]
[BlackFideId "1039784"]
[EventDate "2022.04.22"]

1. c4 e5 2. e3 Nf6 3. Nc3 d5 4. cxd5 Nxd5 5. Qh5 Nc6 6. Bb5 Nb4 7. Qxe5+ Be6 8.
Qe4 a6 9. Be2 Qd7 10. a3 f5 11. Qb1 Nd5 12. Nf3 O-O-O 13. b4 g5 14. O-O g4 15.
Ng5 Bg8 16. Bb2 Bg7 17. Na4 Nf4 18. exf4 Bxb2 19. Nc5 Qxd2 20. Ra2 Bxa2 21.
Qxf5+ Kb8 22. Bxa6 Nd4 23. Qxg4 bxa6 24. Nxa6+ Ka7 25. Nxc7 Qe2 0-1

[Event "Oslo Esports Cup 2022"]
[Site "Oslo NOR"]
[Date "2022.04.26"]
[Round "5.3"]
[White "Praggnanandhaa, R"]
[Black "Hansen, Eric"]
[Result "1-0"]
[WhiteTitle "GM"]
[BlackTitle "GM"]
[WhiteElo "2624"]
[BlackElo "2606"]
[WhiteFideId "25059530"]
[BlackFideId "2606771"]
[EventDate "2022.04.22"]

1. d4 Nf6 2. c4 g6 3. Nc3 d5 4. cxd5 Nxd5 5. e4 Nxc3 6. bxc3 Bg7 7. Qa4+ c6 8.
Nf3 O-O 9. Be2 b5 10. Qa3 Nd7 11. O-O Re8 12. Bg5 Nb6 13. Rad1 Qd6 14. Qc1 Be6
15. Bf4 Qd8 16. Ne5 Qc8 17. Qc2 f6 18. Nd3 Bf7 19. e5 Na4 20. Rfe1 a5 21. Bg3
Qe6 22. Rd2 g5 23. Bf1 Qd5 24. h4 h6 25. hxg5 hxg5 26. Qc1 Bg6 27. f4 Bh6 28.
fxg5 fxg5 29. e6 Rf8 30. Ne5 Bf5 31. Nf7 Rxf7 32. c4 Qxe6 33. Rxe6 Bxe6 34. cxb5
g4 35. Qxc6 Be3+ 36. Bf2 1-0

[Event "Oslo Esports Cup 2022"]
[Site "Oslo NOR"]
[Date "2022.04.26"]
[Round "5.3"]
[White "Mamedyarov, Shakhriyar"]
[Black "Giri, Anish"]
[Result "1-0"]
[WhiteTitle "GM"]
[BlackTitle "GM"]
[WhiteElo "2771"]
[BlackElo "2773"]
[WhiteFideId "13401319"]
[BlackFideId "24116068"]
[EventDate "2022.04.22"]

1. d4 Nf6 2. c4 g6 3. Nf3 Bg7 4. e3 O-O 5. Be2 c5 6. d5 d6 7. Nc3 e6 8. O-O Re8
9. Nd2 Na6 10. e4 b6 11. Re1 Nc7 12. h3 Rb8 13. a4 exd5 14. cxd5 a6 15. Bd3 b5
16. axb5 axb5 17. Nf3 c4 18. Bb1 b4 19. Ne2 Nb5 20. Ra4 Nxe4 21. Rxb4 Bf5 22.
Be3 Qa5 23. Ra4 Qc7 24. Qc1 Nc5 25. Bxc5 Bxb1 26. Bd4 Nxd4 27. Nexd4 Rxe1+ 28.
Qxe1 Bf5 29. Nc6 Bxb2 30. Nxb8 Qxb8 31. Rb4 1-0

[Event "Oslo Esports Cup 2022"]
[Site "Oslo NOR"]
[Date "2022.04.26"]
[Round "5.3"]
[White "Le, Quang Liem"]
[Black "Duda, Jan-Krzysztof"]
[Result "1/2-1/2"]
[WhiteTitle "GM"]
[BlackTitle "GM"]
[WhiteElo "2709"]
[BlackElo "2750"]
[WhiteFideId "12401137"]
[BlackFideId "1170546"]
[EventDate "2022.04.22"]

1. d4 Nf6 2. c4 g6 3. Nc3 d5 4. cxd5 Nxd5 5. Bd2 Bg7 6. e4 Nb6 7. Be3 O-O 8. a4
Be6 9. d5 Bc8 10. a5 N6d7 11. Nf3 Ne5 12. Nxe5 Bxe5 13. f4 Bg7 14. Bc4 c6 15. e5
cxd5 16. Bxd5 Nc6 17. a6 Rb8 18. O-O Bd7 19. Qf3 Qe8 20. Rfd1 bxa6 21. Rxa6 Nxe5
22. fxe5 Qc8 23. Rda1 Rxb2 24. Bd4 e6 25. Bc6 Bxc6 26. Rxc6 Qb8 27. Ne4 Rb4 28.
Rd1 Rd8 29. Nd6 Rf8 30. h3 a5 31. Bc3 Rb1 32. Rxb1 Qxb1+ 33. Kh2 Qb8 34. Qe4 Qa7
35. Qd4 Qxd4 36. Bxd4 Ra8 37. Rc8+ Rxc8 38. Nxc8 a4 39. Kg3 h5 40. Nd6 Bf8 41.
Nb5 a3 42. Kf3 g5 43. Ke4 Kg7 44. g4 hxg4 45. hxg4 Be7 46. Ba1 Kg6 47. Kd3 a2
48. Nc3 f5 49. exf6 Bxf6 50. Kc2 Bd4 51. Kd3 Be5 52. Bb2 Kf7 53. Kc4 Ke7 54. Kb3
Kd6 55. Ba3+ Kc6 56. Nxa2 Kd5 57. Bc1 Ke4 58. Bxg5 Kf3 59. Be7 Kxg4 60. Kc4 Kf5
61. Nb4 Bf6 62. Bc5 Be5 63. Nd3 Bf4 64. Bd4 Ke4 65. Nc5+ Kf5 66. Nd3 Ke4 67.
Nxf4 e5 68. Bxe5 Kxe5 1/2-1/2

[Event "Oslo Esports Cup 2022"]
[Site "Oslo NOR"]
[Date "2022.04.26"]
[Round "5.3"]
[White "Van Foreest, Jorden"]
[Black "Carlsen, Magnus"]
[Result "1/2-1/2"]
[WhiteTitle "GM"]
[BlackTitle "GM"]
[WhiteElo "2714"]
[BlackElo "2864"]
[WhiteFideId "1039784"]
[BlackFideId "1503014"]
[EventDate "2022.04.22"]

1. e4 e5 2. Nf3 Nc6 3. Bc4 Bc5 4. d3 Nf6 5. Bg5 h6 6. Bh4 Be7 7. Bg3 d6 8. c3
O-O 9. a4 Nh7 10. Nbd2 Kh8 11. a5 a6 12. O-O f5 13. exf5 Bxf5 14. Re1 Ng5 15.
Nxg5 Bxg5 16. Nf3 Bf6 17. Bd5 Rb8 18. Be4 Qd7 19. Bxf5 Qxf5 20. Qe2 Rbe8 21. Qe4
Qxe4 22. dxe4 g5 23. Nd2 g4 24. Nc4 Bg5 25. Rf1 h5 26. f3 gxf3 27. Rxf3 Nd8 28.
Raf1 Rxf3 29. Rxf3 Kg7 30. h4 Be7 31. Ne3 Ne6 32. Bf2 Bd8 33. b4 Rf8 34. Rxf8
Nxf8 35. g3 Nd7 36. Kg2 Nf6 37. Kf3 Kg6 38. Be1 Be7 39. c4 Bf8 40. Bc3 Bh6 41.
Nf5 Bc1 42. c5 dxc5 43. bxc5 Nd7 44. c6 bxc6 45. Ne7+ Kf6 46. Nxc6 Ke6 47. g4
hxg4+ 48. Kxg4 Nf6+ 49. Kf3 Nd7 50. Nb4 Nc5 51. h5 Kf6 52. Nd5+ Kg5 53. Bxe5
Kxh5 54. Bxc7 Bd2 55. Ke2 Nxe4 56. Kd3 Bxa5 57. Kxe4 Bxc7 58. Nxc7 a5 59. Nb5 a4
60. Kd4 a3 61. Nxa3 1/2-1/2

[Event "Oslo Esports Cup 2022"]
[Site "Oslo NOR"]
[Date "2022.04.26"]
[Round "5.4"]
[White "Carlsen, Magnus"]
[Black "Van Foreest, Jorden"]
[Result "1/2-1/2"]
[WhiteTitle "GM"]
[BlackTitle "GM"]
[WhiteElo "2864"]
[BlackElo "2714"]
[WhiteFideId "1503014"]
[BlackFideId "1039784"]
[EventDate "2022.04.22"]

1. g3 d5 2. Nf3 Nc6 3. d4 g6 4. Bg2 Bg7 5. O-O Nf6 6. b3 O-O 7. Bb2 Re8 8. Nbd2
e5 9. Nxe5 Nxe5 10. dxe5 Ng4 11. Nf3 Nxe5 12. Nxe5 Bxe5 13. Bxe5 Rxe5 14. e4 d4
15. c3 c5 16. cxd4 cxd4 17. Qd2 Rc5 18. Rfd1 Be6 19. Qxd4 Qxd4 20. Rxd4 Rac8 21.
Bf1 Ra5 22. a4 Bxb3 23. Rb4 Bc2 24. Rxb7 Bxe4 25. Rb5 Rxb5 26. axb5 Rc7 27. f4
Bf5 28. Kf2 Re7 29. Rc1 Kg7 30. Rc6 h5 31. Be2 Be4 32. Rc5 Kf6 33. h3 Bb7 34.
Rc3 Bd5 35. Ra3 Be6 36. Ra6 Kg7 37. g4 hxg4 38. hxg4 Bc8 39. Rc6 Bb7 40. Rd6 Be4
41. Bc4 Bb7 42. f5 gxf5 43. gxf5 Rc7 44. Bd3 Bc8 45. Ke3 f6 46. Rd8 Kf7 47. Be4
Ke7 48. Rh8 Bd7 49. Rh7+ Kd6 50. Rf7 Bxb5 51. Rxf6+ Kc5 52. Rf8 a5 53. Ra8 a4
54. Kf4 Kb4 55. Rb8 Kc5 56. Ra8 Kb4 57. f6 Bc4 58. Rb8+ Kc3 59. Ra8 Kb4 60. Ke5
a3 61. Bb1 Rc5+ 62. Kd6 Rd5+ 63. Kc6 Ra5 64. Rxa5 Kxa5 65. Kc5 a2 66. Bxa2 Bxa2
67. f7 Bxf7 1/2-1/2

[Event "Oslo Esports Cup 2022"]
[Site "Oslo NOR"]
[Date "2022.04.26"]
[Round "5.4"]
[White "Giri, Anish"]
[Black "Mamedyarov, Shakhriyar"]
[Result "1/2-1/2"]
[WhiteTitle "GM"]
[BlackTitle "GM"]
[WhiteElo "2773"]
[BlackElo "2771"]
[WhiteFideId "24116068"]
[BlackFideId "13401319"]
[EventDate "2022.04.22"]

1. e4 e5 2. Nf3 Nf6 3. Nxe5 d6 4. Nf3 Nxe4 5. d4 d5 6. Bd3 Be7 7. O-O Bf5 8. Re1
O-O 9. Nbd2 Nd6 10. Nf1 Nd7 11. Bf4 Bxd3 12. Qxd3 Re8 13. Re2 Nf8 14. Qb3 Ne6
15. Bxd6 Qxd6 16. Ne3 c6 17. Qxb7 Rab8 18. Qa6 Rxb2 19. Qxa7 g6 20. Qa6 Bf6 21.
c3 Rxe2 22. Qxe2 Qa3 23. Qc2 h5 24. h4 Ra8 25. g3 Nc7 26. c4 Ne6 27. Rd1 Kg7 28.
cxd5 cxd5 29. Qb3 Ra5 30. Kg2 Qxa2 31. Qxa2 Rxa2 32. Nxd5 Ra4 33. Nc3 Rc4 34.
Ne2 Nc7 35. d5 Nb5 36. d6 Rc6 37. d7 Rd6 38. Rxd6 Nxd6 39. Ne5 Nb7 40. Nc6 Bd8
41. Nf4 Kf6 42. Kf3 Kf5 43. Ke2 Bf6 44. Ke3 Bd8 45. Kd4 Bb6+ 46. Kd3 Bxf2 47.
d8=Q Nxd8 48. Nxd8 Bxg3 49. Nd5 Bxh4 50. Nxf7 Ke6 51. Nh8 Kxd5 52. Nxg6 Bg5 53.
Ke2 h4 54. Nxh4 Bxh4 1/2-1/2

[Event "Oslo Esports Cup 2022"]
[Site "Oslo NOR"]
[Date "2022.04.26"]
[Round "5.4"]
[White "Duda, Jan-Krzysztof"]
[Black "Le, Quang Liem"]
[Result "1/2-1/2"]
[WhiteTitle "GM"]
[BlackTitle "GM"]
[WhiteElo "2750"]
[BlackElo "2709"]
[WhiteFideId "1170546"]
[BlackFideId "12401137"]
[EventDate "2022.04.22"]

1. Nf3 d5 2. c4 e6 3. b3 Nf6 4. Bb2 Be7 5. g3 O-O 6. Bg2 a5 7. Nc3 c6 8. O-O d4
9. Na4 c5 10. e3 Nc6 11. exd4 cxd4 12. Re1 Bd7 13. a3 Re8 14. c5 Rb8 15. Rc1 Bf8
16. Nxd4 Nxd4 17. Bxd4 Bxa4 18. Bxf6 Qxf6 19. bxa4 Red8 20. Re3 Qd4 21. Rec3
Qxd2 22. Qb3 Qd7 23. h4 g6 24. Qb5 Qc7 25. Qb6 Rdc8 26. Bf3 h5 27. Kg2 Be7 28.
R1c2 Qxb6 29. cxb6 Rxc3 30. Rxc3 Bd8 31. Rb3 Ra8 32. Rb5 Ra6 33. Bxb7 Rxb6 34.
Rxb6 Bxb6 35. f4 Bc5 36. Kf3 Bxa3 37. Be4 Kf8 38. Bd3 Bb4 39. Bc4 Be1 40. Bd3
Ke7 41. Bc4 Kf6 42. Bb3 Bc3 43. Bc4 e5 44. fxe5+ Bxe5 45. g4 hxg4+ 46. Kxg4 Kg7
47. h5 f5+ 48. Kg5 Bf6+ 49. Kf4 gxh5 50. Kxf5 h4 51. Kg4 Bd8 52. Kh3 Kh8 53. Bb5
Kg7 54. Bc4 Kh8 55. Bb5 Kg7 56. Bc4 1/2-1/2

[Event "Oslo Esports Cup 2022"]
[Site "Oslo NOR"]
[Date "2022.04.26"]
[Round "5.5"]
[White "Giri, Anish"]
[Black "Mamedyarov, Shakhriyar"]
[Result "1/2-1/2"]
[WhiteTitle "GM"]
[BlackTitle "GM"]
[WhiteElo "2773"]
[BlackElo "2771"]
[WhiteFideId "24116068"]
[BlackFideId "13401319"]
[EventDate "2022.04.22"]

1. e4 c5 2. Nf3 e6 3. b3 Nc6 4. Bb2 a6 5. c4 d6 6. d4 cxd4 7. Nxd4 Nf6 8. Nc3
Qa5 9. Nxc6 bxc6 10. Bd3 Be7 11. O-O O-O 12. Qe1 Qb6 13. Na4 Qa7 14. c5 dxc5 15.
Rc1 Rd8 16. Qe2 c4 17. Rxc4 c5 18. Rfc1 Bd7 19. Bxf6 gxf6 20. Nb2 Bb5 21. R4c3
Bd6 22. Qg4+ Kf8 23. Nc4 Bxc4 24. Bxc4 Ke7 25. Rh3 Rg8 26. Qe2 Rg7 27. Rd1 Rag8
28. g3 Be5 29. Kg2 a5 30. Qf3 Qc7 31. Rh6 Rd8 32. Rxd8 Qxd8 33. Qe2 Qd4 34. a4
Qc3 35. Rh4 Bd4 36. Rg4 Rxg4 37. Qxg4 Qd2 38. Qe2 Qxe2 39. Bxe2 Bc3 40. Bh5 Bd4
41. Kf3 Bc3 42. Ke2 f5 43. exf5 exf5 44. Kf3 1/2-1/2

[Event "Oslo Esports Cup 2022"]
[Site "Oslo NOR"]
[Date "2022.04.26"]
[Round "5.5"]
[White "Le, Quang Liem"]
[Black "Duda, Jan-Krzysztof"]
[Result "1-0"]
[WhiteTitle "GM"]
[BlackTitle "GM"]
[WhiteElo "2709"]
[BlackElo "2750"]
[WhiteFideId "12401137"]
[BlackFideId "1170546"]
[EventDate "2022.04.22"]

1. d4 Nf6 2. c4 e6 3. Nf3 b6 4. a3 Bb7 5. Nc3 Ne4 6. Nxe4 Bxe4 7. Bf4 Bd6 8. Bg3
Bxf3 9. gxf3 O-O 10. e3 f5 11. Bxd6 cxd6 12. f4 Nc6 13. Bg2 Rc8 14. Rc1 Ne7 15.
h4 Rc7 16. h5 Qc8 17. b3 d5 18. h6 dxc4 19. hxg7 Rf7 20. bxc4 Rxg7 21. Bf1 b5
22. c5 a6 23. Kd2 Nd5 24. Bd3 Nf6 25. Qf3 Qd8 26. Ke2 Kh8 27. Qh3 d6 28. cxd6
Qxd6 29. Qh4 Rxc1 30. Rxc1 Qxa3 31. Rc6 Rg6 32. Qh1 Qa2+ 33. Rc2 Qd5 34. Qa1 Rg2
35. Qxa6 b4 36. Rc5 Qd7 37. Rb5 Nd5 38. Rb7 Qe8 39. Qd6 Nf6 40. Rb8 1-0

[Event "Oslo Esports Cup 2022"]
[Site "Oslo NOR"]
[Date "2022.04.26"]
[Round "5.6"]
[White "Mamedyarov, Shakhriyar"]
[Black "Giri, Anish"]
[Result "1-0"]
[WhiteTitle "GM"]
[BlackTitle "GM"]
[WhiteElo "2771"]
[BlackElo "2773"]
[WhiteFideId "13401319"]
[BlackFideId "24116068"]
[EventDate "2022.04.22"]

1. d4 Nf6 2. c4 g6 3. Nf3 Bg7 4. e3 O-O 5. Be2 c5 6. d5 d6 7. O-O e6 8. Nc3 Re8
9. h3 exd5 10. cxd5 Na6 11. Bd3 Rb8 12. Re1 Bd7 13. e4 b5 14. Bf4 c4 15. Bc2 b4
16. Na4 b3 17. axb3 cxb3 18. Bd3 Nb4 19. Nc3 Qc7 20. Bh2 a5 21. e5 Nfxd5 22.
exd6 Rxe1+ 23. Qxe1 Qc5 24. Ne4 Qc6 25. Qd2 Nxd3 26. Qxd3 Bxb2 27. Ne5 Bxe5 28.
Bxe5 b2 29. Rb1 Bf5 30. Rxb2 Rxb2 31. Bxb2 Bxe4 32. Qxe4 Kf8 33. Qe5 f6 34. Qe6
Qb6 35. Bxf6 Nxf6 36. Qxf6+ Kg8 37. Qe6+ Kg7 38. Qe7+ Kh6 39. d7 Qb1+ 40. Kh2 1-0

[Event "Oslo Esports Cup 2022"]
[Site "Oslo NOR"]
[Date "2022.04.27"]
[Round "6.1"]
[White "Van Foreest, Jorden"]
[Black "Mamedyarov, Shakhriyar"]
[Result "1/2-1/2"]
[WhiteTitle "GM"]
[BlackTitle "GM"]
[WhiteElo "2714"]
[BlackElo "2771"]
[WhiteFideId "1039784"]
[BlackFideId "13401319"]
[EventDate "2022.04.22"]

1. c4 e5 2. Nc3 Bb4 3. Nd5 Be7 4. Nf3 d6 5. e3 Nf6 6. Nxe7 Qxe7 7. d4 e4 8. Ng1
c5 9. Ne2 Nc6 10. h3 O-O 11. Nc3 Nb4 12. d5 Bf5 13. a3 Nd3+ 14. Bxd3 exd3 15. f3
Nd7 16. O-O Bg6 17. b3 Rae8 18. Bd2 a6 19. a4 a5 20. Qe1 f5 21. Nb5 f4 22. e4 b6
23. Nc7 Rf6 24. Nxe8 Bxe8 25. Bc3 Ne5 26. Rd1 Rg6 27. Bxe5 Qxe5 28. Rxd3 Bd7 29.
Kh2 Rg3 30. Rf2 Kf7 31. Rd1 h5 32. Qd2 h4 33. Rh1 Ke7 34. Qb2 Kf6 35. Qc1 Ke7
36. Kg1 Kd8 37. Qb2 Rg5 38. Kf1 Qxb2 39. Rxb2 Re5 40. Ke2 Ke7 41. Kd3 Kf6 42.
Re2 Kf7 43. Ree1 Kf6 44. Re2 Kf7 45. Ree1 Kf6 46. Re2 1/2-1/2

[Event "Oslo Esports Cup 2022"]
[Site "Oslo NOR"]
[Date "2022.04.27"]
[Round "6.1"]
[White "Giri, Anish"]
[Black "Le, Quang Liem"]
[Result "0-1"]
[WhiteTitle "GM"]
[BlackTitle "GM"]
[WhiteElo "2773"]
[BlackElo "2709"]
[WhiteFideId "24116068"]
[BlackFideId "12401137"]
[EventDate "2022.04.22"]

1. d4 Nf6 2. c4 e6 3. Nc3 Bb4 4. Nf3 O-O 5. e3 d5 6. Bd2 b6 7. cxd5 exd5 8. Bd3
Bb7 9. Qc2 c5 10. O-O c4 11. Be2 Nc6 12. b3 cxb3 13. Qxb3 Rc8 14. Ne5 Ba5 15.
Nxc6 Rxc6 16. Rac1 Qc8 17. Qb2 Qf5 18. Bb5 Rcc8 19. Nb1 Bxd2 20. Nxd2 Rxc1 21.
Rxc1 Rc8 22. f3 h6 23. a4 Qe6 24. Kf2 Bc6 25. Bxc6 Rxc6 26. Nb1 a6 27. Rc3 Ne8
28. Qb3 Nc7 29. Rxc6 Qxc6 30. Nc3 b5 31. axb5 axb5 32. Ke2 Qc4+ 33. Qxc4 dxc4
34. d5 b4 35. d6 Ne6 36. Nd5 b3 37. Kd2 Kf8 38. d7 f5 39. Kc3 Kf7 40. h4 g5 41.
h5 Kf8 42. f4 gxf4 43. exf4 Kf7 44. Ne3 Ke7 45. Nxf5+ Kxd7 46. g3 Nc5 47. Ne3
Na4+ 48. Kd2 c3+ 49. Kc1 Nc5 50. f5 Nd3+ 51. Kb1 Kd6 52. g4 c2+ 53. Nxc2 bxc2+
54. Kxc2 Ne5 55. g5 hxg5 56. h6 Nf7 57. h7 Ke5 0-1

[Event "Oslo Esports Cup 2022"]
[Site "Oslo NOR"]
[Date "2022.04.27"]
[Round "6.1"]
[White "Duda, Jan-Krzysztof"]
[Black "Praggnanandhaa, R"]
[Result "1-0"]
[WhiteTitle "GM"]
[BlackTitle "GM"]
[WhiteElo "2750"]
[BlackElo "2624"]
[WhiteFideId "1170546"]
[BlackFideId "25059530"]
[EventDate "2022.04.22"]

1. c4 e5 2. Nf3 e4 3. Nd4 Nc6 4. Nxc6 dxc6 5. Nc3 Nf6 6. e3 Bf5 7. Qb3 b6 8. Qc2
Qd7 9. b3 h5 10. Bb2 Be7 11. h3 h4 12. O-O-O O-O-O 13. Kb1 Kb8 14. Ne2 c5 15. g4
hxg3 16. Nxg3 Bxh3 17. Bxh3 Rxh3 18. Rxh3 Qxh3 19. Bxf6 Bxf6 20. Qxe4 g6 21. Kc2
Qd7 22. Ne2 Bg7 23. d3 Qd6 24. Qf4 Qe6 25. Rg1 Rd6 26. Qg5 Bf6 27. Qf4 Bg7 28.
Rd1 f5 29. d4 Qf6 30. Rd3 g5 31. Qf3 f4 32. exf4 cxd4 33. Ng3 Rd8 34. Nh5 Qe7
35. Nxg7 Qxg7 36. Qg4 Rf8 37. Qxg5 Qh7 38. Qe5 Rd8 39. f5 Qh4 40. Rg3 Qh2 41.
Qf4 d3+ 42. Kd2 Qh8 43. f6 Qh5 44. Rxd3 Rf8 45. Rd7 Qc5 46. f7 Kc8 47. Rd5 Qa3
48. Qf3 Qxa2+ 49. Ke1 Kb8 50. Qe4 Qa1+ 51. Ke2 Qg7 52. Rd7 Rc8 53. Re7 Qb2+ 54.
Kf1 Qa1+ 55. Qe1 Qf6 56. Qe6 Qa1+ 57. Kg2 Qg7+ 58. Kf3 Qc3+ 59. Kg4 Qg7+ 60. Kf4
Qd4+ 61. Kg3 Qg7+ 62. Qg4 Qc3+ 63. Kg2 Qf6 64. Re8 Qc6+ 65. Qe4 1-0

[Event "Oslo Esports Cup 2022"]
[Site "Oslo NOR"]
[Date "2022.04.27"]
[Round "6.2"]
[White "Mamedyarov, Shakhriyar"]
[Black "Van Foreest, Jorden"]
[Result "0-1"]
[WhiteTitle "GM"]
[BlackTitle "GM"]
[WhiteElo "2771"]
[BlackElo "2714"]
[WhiteFideId "13401319"]
[BlackFideId "1039784"]
[EventDate "2022.04.22"]

1. d4 Nf6 2. c4 g6 3. Nc3 Bg7 4. g3 O-O 5. Bg2 Nc6 6. Nf3 d5 7. cxd5 Nxd5 8. O-O
e5 9. Bg5 Nxc3 10. bxc3 Qd6 11. dxe5 Qxd1 12. Rfxd1 Nxe5 13. Nd4 c6 14. Rab1 Re8
15. a4 Nc4 16. h4 h6 17. Bf4 Nb6 18. a5 Nd5 19. Bxd5 cxd5 20. Nb5 Bf5 21. Rb2
Rad8 22. Nd6 Bxc3 23. Rxb7 Rxe2 24. Nxf7 Rd7 25. Nxh6+ Kh7 26. a6 Be6 27. Rxd7+
Bxd7 28. Nf7 d4 29. Ng5+ Kg8 30. Rb1 Bb2 31. Nf3 Bf5 32. Re1 d3 33. Be3 Be4 0-1

[Event "Oslo Esports Cup 2022"]
[Site "Oslo NOR"]
[Date "2022.04.27"]
[Round "6.2"]
[White "Le, Quang Liem"]
[Black "Giri, Anish"]
[Result "1-0"]
[WhiteTitle "GM"]
[BlackTitle "GM"]
[WhiteElo "2709"]
[BlackElo "2773"]
[WhiteFideId "12401137"]
[BlackFideId "24116068"]
[EventDate "2022.04.22"]

1. d4 Nf6 2. Nf3 g6 3. c4 Bg7 4. Nc3 d5 5. cxd5 Nxd5 6. Bg5 Nxc3 7. bxc3 c5 8.
e3 Qa5 9. Qd2 Bf5 10. Rc1 Nc6 11. Be2 O-O-O 12. O-O Be4 13. Qb2 cxd4 14. cxd4
Bxf3 15. Bxf3 Qxg5 16. Rb1 Na5 17. Rfc1+ Kd7 18. h4 Qf5 19. e4 Qf4 20. Qb5+ Ke6
21. d5+ Kf6 22. Qxa5 Bh6 23. Rc7 Qe5 24. Rcxb7 Kg7 25. g3 Rhe8 26. Kg2 Rc8 27.
Qa4 a5 28. R1b2 Bc1 29. Rc2 Rxc2 30. Qxc2 Ba3 31. Qa4 Bc5 32. Qxe8 Qd4 33. Kh3
Qxf2 34. Bg2 g5 35. Rb8 gxh4 36. Qg8+ Kf6 37. Qh8+ 1-0

[Event "Oslo Esports Cup 2022"]
[Site "Oslo NOR"]
[Date "2022.04.27"]
[Round "6.2"]
[White "Hansen, Eric"]
[Black "Carlsen, Magnus"]
[Result "1/2-1/2"]
[WhiteTitle "GM"]
[BlackTitle "GM"]
[WhiteElo "2606"]
[BlackElo "2864"]
[WhiteFideId "2606771"]
[BlackFideId "1503014"]
[EventDate "2022.04.22"]

1. e4 c5 2. Nf3 e6 3. g3 d5 4. exd5 exd5 5. Bg2 Nc6 6. O-O Nf6 7. d4 Be7 8. dxc5
Bxc5 9. Nc3 O-O 10. Bg5 Be6 11. Nd2 Bd4 12. Nb3 Bxc3 13. bxc3 h6 14. Be3 Rc8 15.
a4 Re8 16. h3 Ne4 17. Bd4 Bf5 18. Re1 Nxd4 19. cxd4 Nc3 20. Qd2 Rxe1+ 21. Rxe1
Nxa4 22. Qb4 Nb6 23. Nc5 Bxc2 24. Nxb7 Qf6 25. Nc5 Bf5 26. Re5 Kh7 27. Bf1 Bg6
28. h4 Rxc5 29. Qxc5 Nd7 30. Qxd5 Nxe5 31. dxe5 Qb6 32. Bd3 Bxd3 33. Qxd3+ Kg8
34. Qd7 Qb1+ 35. Kg2 Qe4+ 36. Kg1 Qe1+ 37. Kg2 Qe4+ 38. Kg1 Qa8 39. f4 a5 40. f5
Qf3 41. e6 Qxg3+ 42. Kf1 Qf3+ 43. Ke1 Qe3+ 44. Kd1 Qf3+ 45. Ke1 Qe3+ 46. Kd1
Qf3+ 47. Ke1 1/2-1/2